Historia de la educación en la argentina 2 : sociedad civil y estado en los orígenes del sistema educativo argentino /
Guardado en:
| Autor Principal: | |
|---|---|
| Otros Autores: | , , , , , , |
| Formato: | Libro |
| Publicado: |
Buenos Aires :
Galerna
|
| Materias: | |
| Etiquetas: |
Agregar Etiqueta
Sin Etiquetas, Sea el primero en etiquetar este registro!
|
| LEADER | 01715nam a22003135a 4500 | ||
|---|---|---|---|
| 001 | CEM.cems011834 | ||
| 005 | 20070704144959.0 | ||
| 008 | 130507b######################000#0#####d | ||
| 003 | CEMS | ||
| 020 | |a 9505562764 | ||
| 082 | 0 | 4 | |a 370.982 |
| 100 | 1 | |a Puiggrós, Adriana | |
| 245 | 1 | 0 | |a Historia de la educación en la argentina 2 : |b sociedad civil y estado en los orígenes del sistema educativo argentino / |c Dirigida Por Adriana Puiggrós |
| 260 | |a Buenos Aires : |b Galerna | ||
| 300 | |a 365 p. | ||
| 505 | 0 | |a Infancia y sociedad: la mediación de las asociaciones, centros y sociedades populares de educación / Sandra Carli -- Consejos Escolares de Distrito: subordinación o participación popular / Alejandro De Luca -- Estructuración y consolidación del poder normalizador: el Consejo Nacional de Educación / Roberto Marengo -- La educación de adultos en la Argentina / Lidia Rodríguez -- El "Caso Vergara". Producción y exclusión en la génesis del sistema educativo argentino / Flavia Z. Tirigi -- Los católicos liberales durante la década del 80 / Ricardo H. Iglesias -- Nacionalismo, inmigración y pluralismo cultural. Polémicas educativas en torno al Centenario / Rafael S. Gagliano | |
| 653 | |a Educación | ||
| 653 | |a Historia de la educación argentina | ||
| 653 | |a Consejos escolares | ||
| 653 | |a Consejo nacional de educación | ||
| 653 | |a Educación de adultos-argentina | ||
| 700 | 1 | |a Carli, Sandra | |
| 700 | 1 | |a De Luca, Alejandro | |
| 700 | 1 | |a Marengo, Roberto | |
| 700 | 1 | |a Rodríguez, Lidia | |
| 700 | 1 | |a Tirigi, Flavia S. | |
| 700 | 1 | |a Iglesias, Ricardo H. | |
| 700 | 1 | |a Gagliano, Rafael S. | |
| 859 | |a CEMS |b BIB. CEMS - 11 de abril |h 370.982 |i P964-1 |p 22739.05 |t Ej.1 |v 2 |3 2 | ||
